The wolves of Denali /

Bibliographic Details
Other Authors: Mech, L. David
Format: Book
Language:English
Published: Minneapolis : University of Minnesota Press, [1998]
Subjects:

MARC

Tag First Indicator Second Indicator Subfields
LEADER 00000cam a2200000 a 4500
001 in00001406574
005 20151020072759.0
008 970818s1998 mnuabf b s001 0 eng
010 |a  97034687  
020 |a 0816629587 (hc : alk. paper) 
035 |a (OCoLC)37518766 
035 |9 AHQ3519AM 
040 |a DLC  |c DLC  |d TXA  |d UtOrBLW 
043 |a n-us-ak 
049 |a TXAM 
050 0 0 |a QL737.C22  |b W648 1998 
082 0 0 |a 599.773/09798/3  |2 21 
245 0 4 |a The wolves of Denali /  |c L. David Mech [and others]. 
264 1 |a Minneapolis :  |b University of Minnesota Press,  |c [1998] 
264 4 |c ©1998 
300 |a x, 227 pages, 8 unnumbered pages of plates :  |b illustrations (some color), maps ;  |c 26 cm. 
336 |a text  |b txt  |2 rdacontent 
337 |a unmediated  |b n  |2 rdamedia 
338 |a volume  |b nc  |2 rdacarrier 
504 |a Includes bibliographical references (pages 203-212) and index. 
650 0 |a Wolves  |z Alaska  |z Denali National Park and Preserve. 
700 1 |a Mech, L. David. 
948 |a c:dm 
999 |a MARS 
999 f f |s 75775330-32e9-3920-8950-cc1b68e2d188  |i fcd86729-13ec-39f3-8fd9-01e0f2076961  |t 0 
952 f f |p ric  |a Texas A&M University  |b Rellis Campus  |c Joint Library Facility  |d Remote Storage  |t 0  |e QL737.C22 W648 1998  |h Library of Congress classification  |i unmediated -- volume  |m A14823323660 
998 f f |a QL737.C22 W648 1998  |t 0  |l Remote Storage